000 00418cam a2200181 4500
001 D9040
008 090401t1962 xxu||||| |||| 00| 0 eng d
035 _a(Sirsi) u17092
041 _aeng
100 _aStewart-Brown, R.
245 _aGuide to compulsory purchase and compensation
250 _a5th
260 _bSweet & Maxwell
_c1962
300 _a140p
350 _a1.38
942 _n0
948 _c04/03/1997
999 _c87473
_d87473